Statistics for Biggest Pop Bands

Click here to take the quiz!

General Stats

  • This quiz has been taken 14 times
  • The average score is 9 of 11

Answer Stats

Answer% Correct
Abba
100%
Coldplay
91%
One Direction
91%
Spice Girls
91%
Bee Gees
82%
Black Eyed Peas
82%
Maroon 5
82%
NSYNC
73%
Backstreet Boys
55%
Earth,Wind and Fire
55%
Pussycat Dolls
55%

Score Distribution

Percentile by Number Answered

Percent of People with Each Score

Your Score History

You have not taken this quiz